<?xml version="1.0" encoding="UTF-8"?>
<marc:record xmlns:marc="http://www.loc.gov/MARC21/slim">
   <marc:leader>00000nam a2200000 a 4500</marc:leader>
   <marc:datafield ind1="1" ind2=" " tag="100">
      <marc:subfield code="a">Novotny, Eva</marc:subfield>
      <marc:subfield code="4">aut</marc:subfield>
      <marc:subfield code="e">Verfasser/-in</marc:subfield>
   </marc:datafield>
   <marc:datafield ind1=" " ind2=" " tag="653">
      <marc:subfield code="a">Moderne</marc:subfield>
   </marc:datafield>
   <marc:datafield ind1=" " ind2=" " tag="653">
      <marc:subfield code="a">Anforderung</marc:subfield>
   </marc:datafield>
   <marc:datafield ind1=" " ind2=" " tag="653">
      <marc:subfield code="a">Denken</marc:subfield>
   </marc:datafield>
   <marc:datafield ind1=" " ind2=" " tag="653">
      <marc:subfield code="a">Autonomie</marc:subfield>
   </marc:datafield>
   <marc:datafield ind1=" " ind2=" " tag="653">
      <marc:subfield code="a">Humor</marc:subfield>
   </marc:datafield>
   <marc:datafield ind1=" " ind2=" " tag="653">
      <marc:subfield code="a">Willensfreiheit</marc:subfield>
   </marc:datafield>
   <marc:datafield ind1=" " ind2=" " tag="653">
      <marc:subfield code="a">Softcover / Pädagogik</marc:subfield>
   </marc:datafield>
   <marc:datafield ind1="0" ind2="0" tag="245">
      <marc:subfield code="a">Ermächtigen</marc:subfield>
   </marc:datafield>
   <marc:datafield ind1="0" ind2="0" tag="245">
      <marc:subfield code="b">ein Bildungsbuch ; für eine wache Zeitgenossenschaft im Spannungsfeld von Individualisierung und neuen Formen von Gemeinschaft</marc:subfield>
   </marc:datafield>
   <marc:datafield ind1="0" ind2="0" tag="245">
      <marc:subfield code="c">Eva Novotny</marc:subfield>
   </marc:datafield>
   <marc:datafield ind1=" " ind2="1" tag="264">
      <marc:subfield code="a">Frankfurt, M.</marc:subfield>
      <marc:subfield code="b">Lang</marc:subfield>
      <marc:subfield code="c">2010</marc:subfield>
   </marc:datafield>
   <marc:datafield ind1=" " ind2=" " tag="250">
      <marc:subfield code="a">2., durchges. Aufl.</marc:subfield>
   </marc:datafield>
   <marc:datafield ind1="1" ind2=" " tag="520">
      <marc:subfield code="a">Angaben aus der Verlagsmeldung

Ermächtigen : Ein Bildungsbuch. Für eine wache Zeitgenossenschaft im Spannungsfeld von Individualisierung und neuen Formen von Gemeinschaft. 2., durchgesehene Auflage / von Eva Novotny

Wie kommt es, dass sich Menschen - angesichts höchst entwickelter Produktivkräfte - Vernunft und Freiheit wieder absprechen lassen? Welche Mentalitäten brauchen sie, um vor Zumutungen der Freiheit nicht zurückzuschrecken, Herrschaftsmythen zurückzuweisen und sich effektiv in die eigenen Angelegenheiten einzumischen? Die Autorin analysiert die Kapriolen des Zeitgeistes und avancierte Praktiken biopolitischen Zugriffs auf Köpfe und Körper. Sie entwickelt 6 fundamentale Bildungsdimensionen - Selbstdenken, Eigensinn, Versiertheit in der Dynamik sozialer Systeme, autonome Moral, Sprachmacht, Humor. Voraussetzungsvolle Tugenden, die allerdings das soziale Klima und Lebensformen, in denen sie am besten gedeihen, ihrerseits ständig hervor bringen. Herrschende Bildungsagenturen werden kritisiert, mögliche Bildungsanlässe aufgezeigt. Genderblicke weisen Kurse aus patriarchaler Verstrickung in eine essayistische Existenz. &lt;br&gt;&lt;br&gt;Aus dem Inhalt: Eine Welt voller Möglichkeiten und deren erneute Einengung - Qualifikation für die Zumutungen der Freiheit - Selbstdenken, Denken - Wollen - Handeln - Erzählungen und Zahlen - Eigensinn - Entfremdung - Bio-Macht - Habitus - Phantasmen der Herrschaft - Freiheit des Willens - Dynamik sozialer Systeme - Macht - Herrschaft - Widerstand - Befreiung - Autonome Moral - Moralentwicklung - Moralische Methoden - Sprachmacht - Humor - Bildungsanlässe - Omnipotenz - Lernen - Bildungsinstitutionen - Lebenswelten.
</marc:subfield>
   </marc:datafield>
   <marc:datafield ind1=" " ind2=" " tag="020">
      <marc:subfield code="a">9783631608456</marc:subfield>
      <marc:subfield code="9">9783631608456</marc:subfield>
   </marc:datafield>
   <marc:datafield ind1=" " ind2=" " tag="041">
      <marc:subfield code="a">ger</marc:subfield>
   </marc:datafield>
   <marc:datafield ind1=" " ind2=" " tag="300">
      <marc:subfield code="a">310 S.</marc:subfield>
   </marc:datafield>
</marc:record>
